Statistics for Most Guessed Cities in Asia

Click here to take the quiz!

General Stats

  • This quiz has been taken 102 times
  • The average score is 19 of 22

Answer Stats

HintAnswer% Correct
99%Tokyo
100%
97%Beijing
99%
96%Delhi
97%
97%Shanghai
96%
91%Bangkok
95%
94%Jakarta
93%
94%Mumbai
93%
92%Seoul
93%
92%Hong Kong
92%
88%Manila
89%
89%Tehran
89%
87%Baghdad
88%
88%Singapore
88%
87%Hanoi
85%
89%Osaka
85%
87%Kuala Lumpur
81%
87%Dubai
79%
87%Kolkata
79%
89%Guangzhou
75%
87%Riyadh
75%
89%Ho Chi Minh City
72%
87%Islamabad
56%

Score Distribution

Percentile by Number Answered

Percent of People with Each Score

Your Score History

You have not taken this quiz